| 000 | 00989nac a22003011i 4500 | ||
|---|---|---|---|
| 003 | EG-ScBUE | ||
| 005 | 20240625104206.0 | ||
| 008 | 101101s1976 nyua f 001 0 eng d | ||
| 020 | _a0345253515195 | ||
| 040 |
_aEG-ScBUE _beng _erda _cEG-ScBUE _dEG-ScBUE |
||
| 043 | _af-ua--- | ||
| 082 | 0 | 4 |
_a962.053 _bHEY _222 |
| 100 | 1 |
_aHaykal, Muḥammad Ḥasanayn, _eauthor. |
|
| 245 | 1 | 4 |
_aThe road to Ramadan / _cMohamed Heikal. |
| 250 | _aFirst edition. | ||
| 264 | 1 |
_aNew York : _bBallantine Books, _c1976. |
|
| 300 |
_a293 pages : _billustrations ; _c22 cm |
||
| 336 |
_2rdacontent _atext _btxt |
||
| 337 |
_aunmediated _2rdamedia _bn |
||
| 338 |
_avolume _bnc _2rdacarrier |
||
| 500 | _aIncludes index. | ||
| 650 | 7 |
_aArab-Israeli conflict _y1967-1973. _2BUEsh _920859 |
|
| 650 | 7 |
_aIsrael-Arab War, 1973. _2BUEsh _920860 |
|
| 651 | 7 |
_aEgypt _xPolitics and government _y1952- _2BUEsh _920861 |
|
| 655 | _vReading book | ||
| 942 |
_cBB _2ddc |
||
| 999 |
_c3564 _d3564 |
||